[Event "III Miedzynarodowy Memorial Ireny Warakomskiej - Open B"]
[Site "Suwalki"]
[Date "2019.08.12"]
[Round "1.28"]
[White "Sentowski, Sebastian "]
[Black "Bartoszewicz, Marcin "]
[Result "1-0"]
[WhiteTitle ""]
[BlackTitle ""]
[WhiteElo "1742"]
[BlackElo "1950"]

1. d4 Nf6 2. c4 g6 3. Nf3 Bg7 4. Nc3 O-O 5. Bg5 c5 6. Qd2 cxd4 7. Nxd4 Nc6 8. e3
d6 9. Be2 Bd7 10. O-O Rc8 11. Rac1 Qa5 12. Bh4 a6 13. Rfd1 Rfe8 14. Bxf6 Bxf6
15. Nd5 Bxd4 16. Qxa5 Nxa5 17. exd4 Nc6 18. Nb6 Rcd8 19. d5 Nb8 20. b4 a5 21.
b5 Rc8 22. g4 Rc7 23. Rb1 Bc8 24. Na4 Bxg4 25. Bxg4 Rxc4 26. Bh3 Rxa4 27. Rdc1
Ra3 28. Kg2 Rxa2 29. Rc7 Kg7 30. Rxb7 Rd2 31. Ra7 Rxd5 32. Rxa5 e6 33. Ra7 Rc8
34. Bxe6 Rg5+ 35. Kf1 Rf8 36. Rb7 Re5 37. Bxf7 Rxf7 38. Rxb8 Rff5 39. Rb2 h5 40.
b6 Rb5 41. Rxb5 Rxb5 42. Ke2 Kf6 43. b7 Kg5 44. f4+ Kg4 45. f5 1-0

[Event "III Miedzynarodowy Memorial Ireny Warakomskiej - Open B"]
[Site "Suwalki"]
[Date "2019.08.12"]
[Round "1.30"]
[White "Szczotka, Klara"]
[Black "Kulesza, Andrzej "]
[Result "1/2-1/2"]
[WhiteTitle ""]
[BlackTitle ""]
[WhiteElo "1732"]
[BlackElo "1940"]

1. e4 c5 2. Nf3 d6 3. Bb5+ Bd7 4. Bxd7+ Qxd7 5. c4 Nc6 6. O-O g6 7. d4 cxd4 8.
Nxd4 Bg7 9. Be3 Nf6 10. f3 O-O 11. Nc3 Rfc8 12. b3 Rab8 13. Rc1 a6 14. Qd2 Qd8
15. Rfd1 Nd7 16. Nxc6 bxc6 17. Na4 c5 18. Qd5 Ne5 19. Nc3 Nc6 20. Qd2 Qa5 21.
Nd5 Qxd2 22. Rxd2 Rb7 23. Nf4 a5 24. Rd3 Ra8 25. Bd2 Bd4+ 26. Be3 Nb4 27. Bxd4
Nxd3 28. Nxd3 cxd4 29. f4 f6 30. e5 fxe5 31. fxe5 dxe5 32. Re1 Rc8 33. c5 Rd7
34. Rxe5 Kf7 35. Re4 Rd5 36. a3 g5 37. b4 axb4 38. axb4 Kf6 39. h4 h6 40. hxg5+
hxg5 41. Kf2 e5 42. Kf3 Kf5 43. g4+ Ke6 44. Re2 Rh8 45. Kg2 Re8 46. Kf3 Rh8 47.
Kg2 Rh4 48. Re4 Rh7 49. Re2 Rf7 50. b5 Rc7 51. b6 Rcxc5 52. Nxc5+ Rxc5 53. Rb2
Rc8 54. Kf3 Kd5 55. Rb5+ Kc4 56. Rxe5 Rf8+ 57. Rf5 Rg8 58. Rf6 Kd3 59. Kf2 Kd2
60. Kf3 Kd3 61. Kf2 Ra8 62. b7 Ra2+ 63. Kf3 Rb2 64. Rf7 Rb1 65. Rd7 Rb4 66. Rc7
Rb6 67. Rd7 Rf6+ 68. Kg3 Rb6 69. Kf3 Rb4 70. Rc7 Rb1 71. Rd7 Rb6 72. Rc7 Rb3 73.
Rd7 Rb1 74. Rc7 Kd2 75. Rd7 d3 76. Ke4 Re1+ 77. Kd4 Rb1 78. Kc4 Rc1+ 79. Kd4 Rb1
80. Kc4 Rc1+ 81. Kd4 Rb1 1/2-1/2

[Event "III Miedzynarodowy Memorial Ireny Warakomskiej - Open B"]
[Site "Suwalki"]
[Date "2019.08.12"]
[Round "1.31"]
[White "Musial, Tomasz "]
[Black "Kasperczyk, Szymon "]
[Result "1-0"]
[WhiteTitle ""]
[BlackTitle ""]
[WhiteElo "1935"]
[BlackElo "1728"]

1. d4 Nf6 2. c4 e6 3. g3 d5 4. Bg2 Nbd7 5. Nf3 c6 6. O-O Bd6 7. Nc3 a6 8. Nd2 Bb4
9. e4 Bxc3 10. bxc3 dxe4 11. Nxe4 Nxe4 12. Bxe4 Nf6 13. Bc2 Qa5 14. Qd3 Qh5 15.
f3 h6 16. Re1 Nd7 17. Bf4 g5 18. Bd6 Nf8 19. d5 Qg6 20. Qd4 Qg8 21. Qf6 1-0

[Event "III Miedzynarodowy Memorial Ireny Warakomskiej - Open B"]
[Site "Suwalki"]
[Date "2019.08.12"]
[Round "1.32"]
[White "Kruczynski, Marek"]
[Black "Tarkowski, Michal"]
[Result "1/2-1/2"]
[WhiteTitle ""]
[BlackTitle ""]
[WhiteElo "1723"]
[BlackElo "1934"]

1. e4 c5 2. Ne2 Nc6 3. Nbc3 d6 4. Ng3 a6 5. a4 Nf6 6. Be2 e6 7. O-O Be7 8. f4 O-O
9. d3 Bd7 10. Be3 Nd4 11. Kh1 Qc7 12. Bf3 Nxf3 13. Qxf3 b5 14. axb5 axb5 15. Rae1
Bc6 16. Qe2 Nd7 17. Bd2 Bh4 18. Qg4 Bxg3 19. Qxg3 d5 20. e5 d4 21. Ne4 Bxe4 22.
dxe4 Kh8 23. f5 Qxe5 24. Bf4 Qf6 25. Bg5 Qe5 26. Bf4 Qf6 27. Bg5 Qe5 1/2-1/2

[Event "III Miedzynarodowy Memorial Ireny Warakomskiej - Open B"]
[Site "Suwalki"]
[Date "2019.08.12"]
[Round "1.33"]
[White "Szalko, Maciej "]
[Black "Kupsik, Joanna "]
[Result "1-0"]
[WhiteTitle ""]
[BlackTitle ""]
[WhiteElo "1931"]
[BlackElo "1708"]

1. d4 d5 2. c4 Nc6 3. g3 Nf6 4. Bg2 Bf5 5. Nf3 e6 6. O-O Be7 7. Nc3 O-O 8. b3 Ne4
9. Bb2 Bf6 10. e3 Ne7 11. Qe2 c6 12. Rfd1 Qa5 13. Rac1 Rfd8 14. Ne5 Bxe5 15. dxe5
Qc7 16. Na4 dxc4 17. f3 c3 18. Ba3 Rxd1+ 19. Rxd1 c2 20. Qxc2 Nxg3 21. e4 b5 22.
Bd6 Qd8 23. Nc5 1-0

[Event "III Miedzynarodowy Memorial Ireny Warakomskiej - Open B"]
[Site "Suwalki"]
[Date "2019.08.12"]
[Round "1.34"]
[White "Plesiuk, Jan "]
[Black "Lada, Michal "]
[Result "0-1"]
[WhiteTitle ""]
[BlackTitle ""]
[WhiteElo "1695"]
[BlackElo "1928"]

1. d4 Nf6 2. Bf4 d5 3. e3 c6 4. c3 Bf5 5. Nd2 e6 6. Ngf3 Nbd7 7. h3 h6 8. g4 Bh7
9. b4 Be7 10. Ne5 Ne4 11. Nxe4 Bxe4 12. Rg1 a5 13. a3 Nxe5 14. Bxe5 f6 15. Bg3
Kf7 16. h4 b5 17. f3 Bh7 18. Kf2 Ra7 19. Bd3 Bxd3 20. Qxd3 Qa8 21. Qb1 Qb7 22.
Qd3 Raa8 23. Rac1 axb4 24. axb4 Ra3 25. Qd2 Rha8 26. Rc2 Rb3 27. Re1 Qd7 28. Rb2
Rba3 29. e4 dxe4 30. Rxe4 Qd5 31. Re2 Qc4 32. Rc2 Rd8 33. Qe1 Rda8 34. f4 Ra1
35. Qd2 Bd6 36. Qe3 Qd5 37. Qe4 R1a3 38. h5 f5 39. gxf5 exf5 40. Qg2 Rb3 41. Kg1
Raa3 42. Bh4 Rxc3 43. Qg6+ Kg8 44. Re8+ Bf8 45. Rxc3 Rxc3 46. Qe6+ Qxe6 47. Rxe6
Bxb4 48. d5 cxd5 49. Re5 Bc5+ 50. Kg2 d4 51. Bf2 b4 52. Rd5 Rc4 53. Rd8+ Kf7 54.
Rc8 b3 55. Bxd4 Rc2+ 0-1

[Event "III Miedzynarodowy Memorial Ireny Warakomskiej - Open B"]
[Site "Suwalki"]
[Date "2019.08.12"]
[Round "1.35"]
[White "Ryszkiewicz, Adam"]
[Black "Skawinski, Szymon"]
[Result "0-1"]
[WhiteTitle ""]
[BlackTitle ""]
[WhiteElo "1927"]
[BlackElo "1676"]

1. e4 e5 2. Nf3 Nc6 3. Bc4 Bc5 4. O-O Nf6 5. d4 Bxd4 6. Nxd4 Nxd4 7. f4 d6 8. fxe5
dxe5 9. Bg5 Qe7 10. Na3 Rg8 11. Kh1 Ne6 12. Bxe6 Bxe6 13. Qd3 h6 14. Bh4 g5 15.
Bg3 Nd7 16. Qb5 O-O-O 17. Bxe5 Nxe5 18. Qxe5 a6 19. Qa5 g4 20. Rad1 Rxd1 21. Rxd1
Kb8 22. Qd2 h5 23. c4 g3 24. b4 Qh4 25. h3 Bxh3 26. gxh3 Qxh3+ 27. Kg1 g2 28.
Kf2 g1=Q+ 29. Rxg1 Qh2+ 30. Ke3 Qxg1+ 31. Kf3 Qg4+ 32. Ke3 Qg5+ 33. Ke2 Qxd2+
34. Kxd2 h4 0-1

[Event "III Miedzynarodowy Memorial Ireny Warakomskiej - Open B"]
[Site "Suwalki"]
[Date "2019.08.12"]
[Round "1.36"]
[White "Warcaba, Jakub "]
[Black "Kozlowski, Michal"]
[Result "0-1"]
[WhiteTitle ""]
[BlackTitle ""]
[WhiteElo "1661"]
[BlackElo "1926"]

1. d4 d5 2. c4 e6 3. Nc3 Be7 4. Nf3 Nf6 5. Bf4 O-O 6. e3 b6 7. cxd5 exd5 8. Bd3
Bb7 9. Qc2 a6 10. O-O Nbd7 11. a4 c5 12. dxc5 bxc5 13. Rfd1 g6 14. e4 d4 15. Nb1
Rc8 16. Qe2 a5 17. Nbd2 Re8 18. Nc4 Bf8 19. Nfd2 Nd5 20. Bd6 Re6 21. Bxf8 Nxf8
22. Qf1 Nb4 23. Re1 Nd7 24. Nb3 Ba6 25. Rad1 Nxd3 26. Qxd3 Ne5 27. Qg3 Nxc4 0-1

[Event "III Miedzynarodowy Memorial Ireny Warakomskiej - Open B"]
[Site "Suwalki"]
[Date "2019.08.12"]
[Round "1.37"]
[White "Flis, Pawel"]
[Black "Hryharovich, Aliaksei"]
[Result "1-0"]
[WhiteTitle ""]
[BlackTitle ""]
[WhiteElo "1925"]
[BlackElo "1659"]

1. e4 e6 2. d4 d5 3. Nd2 dxe4 4. Nxe4 Nd7 5. Nf3 Ngf6 6. Bd3 Nxe4 7. Bxe4 Nf6 8.
Bg5 Be7 9. Bd3 O-O 10. Qe2 Rb8 11. O-O b6 12. Rad1 Bb7 13. Rfe1 Nd7 14. Bf4 Nf6
15. c4 Re8 16. a3 a5 17. Bc2 Bxf3 18. Qxf3 Qd7 19. Be5 Rbc8 20. Re3 Qd8 21. Qh3
h6 22. Rg3 Kh8 23. Rdd3 Rg8 24. Rdf3 Qf8 25. Qh4 c5 26. Rxf6 Bxf6 27. Bxf6 gxf6
28. Qxf6+ Rg7 29. Qxh6+ Rh7 30. Qxh7# 1-0

[Event "III Miedzynarodowy Memorial Ireny Warakomskiej - Open B"]
[Site "Suwalki"]
[Date "2019.08.12"]
[Round "1.38"]
[White "Mazurek, Jerzy "]
[Black "Wojdak, Jan"]
[Result "1/2-1/2"]
[WhiteTitle ""]
[BlackTitle ""]
[WhiteElo "1653"]
[BlackElo "1913"]

1. e4 c5 2. Nf3 Nc6 3. Bb5 d6 4. O-O Bd7 5. Re1 a6 6. Bf1 Bg4 7. c3 e5 8. h3 Bxf3
9. Qxf3 Nf6 10. d3 Be7 11. Na3 b5 12. Nc2 g6 13. Bh6 Nh5 14. Ne3 Bg5 15. Bxg5
Qxg5 16. Nd5 O-O 17. g3 Ra7 18. h4 Qd8 19. Bh3 Ne7 20. Ne3 Ng7 21. d4 cxd4 22.
cxd4 exd4 23. Nc2 Nc6 24. Qd3 Qf6 25. Bg2 Ne5 26. Qxd4 Rc7 27. Qd1 Nc4 28. b3
Nb2 29. Qd2 Qc3 30. Qxc3 Rxc3 31. Nb4 a5 32. Nd5 Rc2 33. Ne3 Rd2 34. Nf1 Rc2 35.
Ne3 Rd2 36. Nf1 Rc2 37. Ne3 Rd2 38. Nf1 Rc2 39. Ne3 Rd2 40. Nf1 1/2-1/2

[Event "III Miedzynarodowy Memorial Ireny Warakomskiej - Open B"]
[Site "Suwalki"]
[Date "2019.08.12"]
[Round "1.39"]
[White "Hasinski, Krystian "]
[Black "Wolagiewicz, Kinga "]
[Result "1-0"]
[WhiteTitle ""]
[BlackTitle ""]
[WhiteElo "1902"]
[BlackElo "1650"]

1. d4 d5 2. c4 e6 3. Nf3 Nf6 4. Nc3 c6 5. e3 Nbd7 6. Qc2 Bd6 7. e4 dxe4 8. Nxe4
Nxe4 9. Qxe4 Nf6 10. Qc2 c5 11. dxc5 Bxc5 12. Bd3 h6 13. O-O O-O 14. Bd2 Bd7 15.
b4 Be7 16. Ne5 Rc8 17. Nxd7 Qxd7 18. Rfd1 Qc7 19. h3 Rfd8 20. Bc3 Nd5 21. Rab1
Nb6 22. c5 Nd5 23. Be1 Qe5 24. Qe2 Qb8 25. Qe4 Nf6 26. Qf3 Rd5 27. Qe2 Rcd8 28.
Bc4 Rxd1 29. Rxd1 Rxd1 30. Qxd1 Qd8 31. Qxd8+ Bxd8 32. b5 Ne4 33. c6 bxc6 34.
bxc6 Bc7 35. f3 Nd6 36. Bb3 Kf8 37. Bc3 Nb5 38. Bb4+ Ke8 39. Ba4 Bb6+ 40. Kh2
Nc7 41. g4 Kd8 42. h4 Ne8 43. Bc3 f6 44. Kg3 Kc7 45. f4 Nd6 46. Kf3 a6 47. g5
hxg5 48. hxg5 Nb5 49. gxf6 gxf6 50. Bxf6 Kxc6 51. Ke4 Kd6 52. Be5+ Ke7 53. Bb3
Nd6+ 54. Kd3 Nf7 55. Bc3 Bc7 56. Ke3 Nd6 57. a4 Nb7 58. Bb4+ Bd6 59. Bd2 a5 60.
Bd1 Bc7 61. Ke4 Nd6+ 62. Kd3 Kf6 63. Bg4 e5 64. Bc3 Nf7 65. Ke4 Nd6+ 66. Kd5 Nf7
67. Be6 Nd8 68. fxe5+ Ke7 69. Bg4 Nf7 70. Bd4 Kd8 71. Bh5 Nh6 72. Be3 Nf5 73.
Bg5+ Ne7+ 74. Ke6 Bxe5 75. Bxe7+ 1-0

[Event "III Miedzynarodowy Memorial Ireny Warakomskiej - Open B"]
[Site "Suwalki"]
[Date "2019.08.12"]
[Round "1.40"]
[White "Kuleba, Ivan "]
[Black "Sapeta, Robert "]
[Result "0-1"]
[WhiteTitle ""]
[BlackTitle ""]
[WhiteElo "1609"]
[BlackElo "1896"]

1. c4 g6 2. g3 Bg7 3. Bg2 e5 4. Nc3 f5 5. Nf3 e4 6. Ng1 Nf6 7. d4 Nc6 8. Nh3 O-O
9. Bg5 h6 10. Bxf6 Qxf6 11. e3 d6 12. Nf4 Qf7 13. O-O g5 14. Nfd5 Nd8 15. b3 c6
16. Nb4 a5 17. Nc2 g4 18. Ne2 Ne6 19. Rb1 Ng5 20. Nf4 h5 21. Qd2 h4 22. Rfd1 Bh6
23. Na3 Kh7 24. d5 c5 25. Nb5 Qe7 26. a3 Nf3+ 27. Bxf3 gxf3 28. Kf1 Bxf4 29. exf4
Bd7 30. Nc3 hxg3 31. hxg3 Rf6 32. Qe3 Rh6 33. Ke1 Qf6 34. Kd2 Qd4+ 35. Kc2 Qxe3
36. fxe3 Rg8 37. Rg1 Rh2+ 38. Kd1 f2 39. Rf1 Rxg3 40. Ke2 Be8 41. Nb5 Bxb5 42.
cxb5 Rhh3 43. b4 Rxe3+ 44. Kxf2 Rhf3+ 45. Kg1 Rg3+ 46. Kf2 Ref3+ 47. Ke1 axb4
48. axb4 cxb4 49. Rxb4 Ra3 50. Kf2 Rgc3 51. Rb2 Rh3 52. Rb4 Ra2+ 53. Kg1 Rhh2
54. Rfb1 Rag2+ 55. Kf1 e3 0-1

[Event "III Miedzynarodowy Memorial Ireny Warakomskiej - Open B"]
[Site "Suwalki"]
[Date "2019.08.12"]
[Round "1.41"]
[White "Szczygiel, Konrad"]
[Black "Mazurek, Jakub "]
[Result "1-0"]
[WhiteTitle ""]
[BlackTitle ""]
[WhiteElo "1896"]
[BlackElo "1605"]

1. d4 d5 2. c4 c6 3. Nc3 Nf6 4. Nf3 a6 5. e3 b5 6. cxd5 cxd5 7. Bd3 e6 8. O-O Bb7
9. Ne5 Bd6 10. f4 O-O 11. Rf3 Ne4 12. Rh3 g6 13. Qc2 Qc7 14. Nxe4 dxe4 15. Bxe4
Qxc2 16. Bxc2 f6 17. Nf3 Nd7 18. e4 e5 19. fxe5 fxe5 20. Bb3+ Kh8 21. Ng5 Nf6
22. Nf7+ Rxf7 23. Bxf7 Kg7 24. Be6 exd4 25. Bh6+ Kh8 26. Rf1 Be5 27. Rhf3 Bxe4
28. Rxf6 Bxf6 29. Rxf6 Rd8 30. Rf7 Bf5 31. Bb3 Rg8 32. Bg7+ Rxg7 33. Rf8+ 1-0

[Event "III Miedzynarodowy Memorial Ireny Warakomskiej - Open B"]
[Site "Suwalki"]
[Date "2019.08.12"]
[Round "1.42"]
[White "Wilk, Igor "]
[Black "Furtak, Joanna "]
[Result "0-1"]
[WhiteTitle ""]
[BlackTitle ""]
[WhiteElo "1600"]
[BlackElo "1893"]

1. e4 c5 2. Nf3 Nc6 3. d4 cxd4 4. Nxd4 Qb6 5. Nb3 Nf6 6. Be3 Qc7 7. Nc3 e6 8. a3
Be7 9. g3 a6 10. Bg2 d6 11. O-O Ne5 12. Nd2 b5 13. Bd4 Bb7 14. f4 Nc6 15. Nb3
Nxd4 16. Nxd4 h5 17. h3 Qb6 18. e5 Bxg2 19. Kxg2 dxe5 20. fxe5 Rd8 21. exf6 Bxf6
22. Nce2 Bxd4 23. Nxd4 Qxd4 24. Qf3 Qd5 25. Rad1 Qxf3+ 26. Kxf3 Ke7 27. Ke4 Rxd1
28. Rxd1 Rc8 29. c3 Rd8 30. Ra1 Rd2 31. Ra2 g5 32. a4 f5+ 33. Kf3 g4+ 34. hxg4
hxg4+ 35. Kf4 Rd3 36. axb5 Kf6 0-1

[Event "III Miedzynarodowy Memorial Ireny Warakomskiej - Open B"]
[Site "Suwalki"]
[Date "2019.08.12"]
[Round "1.43"]
[White "Weintraub, Amit"]
[Black "Borowik, Wojciech"]
[Result "1-0"]
[WhiteTitle ""]
[BlackTitle ""]
[WhiteElo "1876"]
[BlackElo "1599"]

1. d4 Nf6 2. c4 g6 3. Nc3 Bg7 4. e4 d6 5. f3 O-O 6. Nge2 Nc6 7. Be3 e5 8. d5 Ne7
9. Qd2 Bd7 10. g4 a6 11. Ng3 Rb8 12. h4 Ne8 13. Bh6 Bxh6 14. Qxh6 f6 15. Be2 Ng7
16. f4 Kh8 17. f5 Ng8 18. Qe3 g5 19. O-O-O h6 20. Rh3 b5 21. Rdh1 Kh7 22. Qf2
bxc4 23. Qh2 Be8 24. hxg5 fxg5 25. Rxh6+ Nxh6 26. Qxh6+ Kg8 27. Qh7+ Kf7 28. f6
Qxf6 29. Rf1 Qxf1+ 30. Bxf1 Kf6 31. Qh6+ Kf7 32. Qxg5 Bd7 33. Nf5 Nxf5 34. exf5
Rg8 35. Qh5+ Kf8 36. Ne4 c3 37. bxc3 Bb5 38. Qh6+ Ke7 39. Qe6+ Kf8 40. Bxb5 axb5
41. Nf6 Rg7 42. Nd7+ Rxd7 43. Qxd7 b4 44. f6 bxc3 45. Qe7+ Kg8 46. Qg7# 1-0

[Event "III Miedzynarodowy Memorial Ireny Warakomskiej - Open B"]
[Site "Suwalki"]
[Date "2019.08.12"]
[Round "1.45"]
[White "Szydlo, Michal "]
[Black "Jasinowicz, Waclaw "]
[Result "1-0"]
[WhiteTitle ""]
[BlackTitle ""]
[WhiteElo "1865"]
[BlackElo "1523"]

1. e4 e5 2. Nf3 Nc6 3. Bb5 a6 4. Ba4 Nf6 5. O-O Be7 6. Re1 d6 7. c3 O-O 8. h3 b5
9. Bc2 Na5 10. d4 exd4 11. cxd4 c5 12. Nbd2 Nc6 13. d5 Ne5 14. Nxe5 dxe5 15. Nf3
Qc7 16. a4 Bd7 17. Bg5 h6 18. d6 Bxd6 19. Bxf6 gxf6 20. Qd2 Kh7 21. Rad1 Bxh3
22. Qxd6 Qxd6 23. Rxd6 Rg8 24. Nh4 Be6 25. a5 c4 26. f3 b4 27. Ba4 Rgb8 28. Rc1
Ra7 29. Nf5 c3 30. b3 Raa8 31. Ne3 Rd8 32. Rxd8 Rxd8 33. Nc2 Bd7 34. Rd1 1-0

[Event "III Miedzynarodowy Memorial Ireny Warakomskiej - Open B"]
[Site "Suwalki"]
[Date "2019.08.12"]
[Round "1.46"]
[White "Burak, Vyacheslav"]
[Black "Milanowski, Jan"]
[Result "1/2-1/2"]
[WhiteTitle ""]
[BlackTitle ""]
[WhiteElo "1509"]
[BlackElo "1857"]

1. e4 e5 2. Nf3 Nc6 3. Bc4 d6 4. d4 exd4 5. Nxd4 Be7 6. Qh5 Ne5 7. Qe2 Nxc4 8.
Qxc4 Bf6 9. O-O Ne7 10. Nc3 a6 11. a4 O-O 12. Be3 Bd7 13. f4 Qc8 14. Nd5 Nxd5
15. Qxd5 Rb8 16. e5 dxe5 17. fxe5 Be7 18. Rf2 c5 19. Ne2 Qc6 20. Qxc6 Bxc6 21.
a5 Rbd8 22. Nc3 Rd7 23. Rd2 Rfd8 24. Rxd7 Rxd7 25. Kf2 Kf8 26. g3 Ke8 27. Ke2
Kd8 28. Rf1 Ke8 29. h4 Rd8 30. Rf4 h6 31. Rg4 Bf8 32. b3 Kd7 33. Nd1 Ke6 34. Nb2
Kxe5 35. Nd3+ Kf6 36. Nxc5 Re8 37. Nd3 Re4 38. Rxe4 Bxe4 39. Kd2 g5 40. hxg5+
hxg5 41. Nc1 Bc6 42. c4 Kf5 43. Ke1 Bd6 44. b4 Bxg3+ 45. Kf1 Bc7 46. Kg1 Bf3 47.
Nb3 g4 48. Kf2 Ke4 49. Nc5+ Ke5 50. Nd3+ Ke6 51. Nc5+ Ke7 52. Bg5+ f6 1/2-1/2

[Event "III Miedzynarodowy Memorial Ireny Warakomskiej - Open B"]
[Site "Suwalki"]
[Date "2019.08.12"]
[Round "1.47"]
[White "Kacprzak, Kacper "]
[Black "Zalega, Maciej "]
[Result "1-0"]
[WhiteTitle ""]
[BlackTitle ""]
[WhiteElo "1856"]
[BlackElo "1429"]

1. e4 c5 2. Nf3 d6 3. d4 cxd4 4. Nxd4 Nf6 5. Nc3 Nc6 6. Bg5 e6 7. Qd2 a6 8. O-O-O
Bd7 9. f4 b5 10. Qe3 Qb6 11. e5 Ng4 12. Qf3 Rc8 13. Nxc6 Nf2 14. Nd4 Nxh1 15.
g4 h6 16. Bh4 g5 17. Be1 gxf4 18. Ne4 d5 19. Nf6+ Kd8 20. Qxh1 Bc5 21. Nb3 Be3+
22. Kb1 Qc6 23. Bd3 d4 24. Be4 Qc4 25. Na5 Qe2 26. Nb7+ Kc7 27. Ba5+ Kb8 28. Nxd7+
Ka8 29. Nd6+ Ka7 30. Bb6# 1-0

[Event "III Miedzynarodowy Memorial Ireny Warakomskiej - Open B"]
[Site "Suwalki"]
[Date "2019.08.12"]
[Round "1.48"]
[White "Olszewski, Jan "]
[Black "Kaliszuk, Kamil"]
[Result "0-1"]
[WhiteTitle ""]
[BlackTitle ""]
[WhiteElo "1405"]
[BlackElo "1853"]

1. e4 e5 2. Nf3 Nc6 3. d4 exd4 4. Nxd4 Bc5 5. Be3 Qf6 6. c3 Nge7 7. Bc4 Ne5 8.
Bb3 d6 9. h3 Qg6 10. Kf1 b6 11. Nd2 a5 12. Ba4+ c6 13. Bc2 Ba6+ 14. Kg1 O-O 15.
N2f3 Rfe8 16. Kh2 b5 17. Re1 Ba7 18. Nxe5 dxe5 19. Nf3 Red8 20. Qe2 Bb8 21. Red1
Bc7 22. Rxd8+ Rxd8 23. Rd1 Rxd1 24. Qxd1 Qd6 25. Qxd6 Bxd6 26. a4 Nc8 27. Bd3
f5 28. exf5 e4+ 0-1

[Event "III Miedzynarodowy Memorial Ireny Warakomskiej - Open B"]
[Site "Suwalki"]
[Date "2019.08.12"]
[Round "2.2"]
[White "Bogdanov, Ignat"]
[Black "Szczygiel, Konrad"]
[Result "1-0"]
[WhiteTitle ""]
[BlackTitle ""]
[WhiteElo "2075"]
[BlackElo "1896"]

1. e4 g6 2. d4 Bg7 3. Nf3 c5 4. c3 cxd4 5. cxd4 d6 6. Nc3 Nc6 7. Bc4 Nf6 8. O-O
O-O 9. Bb3 Bg4 10. h3 Bxf3 11. gxf3 Qd7 12. Kg2 Nh5 13. Ne2 Na5 14. Be3 Nxb3 15.
Qxb3 Kh8 16. Ng3 f5 17. exf5 Nxg3 18. fxg3 gxf5 19. d5 a6 20. Rfe1 Bf6 21. Rad1
Qb5 22. Bd4 Qxb3 23. axb3 Bxd4 24. Rxd4 Rac8 25. Rxe7 Rc2+ 26. Kf1 Rfc8 27. Re2
Rxe2 28. Kxe2 Re8+ 29. Kd2 Kg7 30. Rc4 Re7 31. f4 h5 32. h4 Kf7 33. Rc8 Re8 34.
Rc4 Re7 35. b4 Kf8 36. b5 axb5 37. Rc8+ Re8 38. Rxe8+ Kxe8 39. Kc3 Kd7 40. Kb4
Kc7 41. Kxb5 Kb8 42. Kb6 Kc8 43. b4 Kb8 44. b5 Kc8 45. Ka7 1-0

[Event "III Miedzynarodowy Memorial Ireny Warakomskiej - Open B"]
[Site "Suwalki"]
[Date "2019.08.12"]
[Round "2.3"]
[White "Furtak, Joanna "]
[Black "Kowalec, Maciej"]
[Result "1/2-1/2"]
[WhiteTitle ""]
[BlackTitle ""]
[WhiteElo "1893"]
[BlackElo "2074"]

1. e4 e6 2. d4 d5 3. Nc3 Bb4 4. e5 c5 5. a3 Ba5 6. b4 cxd4 7. Qg4 Kf8 8. Nb5 Bc7
9. f4 Ne7 10. Nxd4 Nbc6 11. Ngf3 Bb6 12. Bb2 Bd7 13. Bd3 Nxd4 14. Nxd4 g6 15.
Qh4 h5 16. a4 Nc6 17. Qxd8+ Rxd8 18. Nxc6 Bxc6 19. b5 Bd7 20. Ba3+ Ke8 21. Bb4
Rc8 22. Kd2 Bc5 23. Rhb1 Ke7 24. Bxc5+ Rxc5 25. Rb4 Rhc8 26. Rab1 Rc3 27. R1b3
Rxb3 1/2-1/2

[Event "III Miedzynarodowy Memorial Ireny Warakomskiej - Open B"]
[Site "Suwalki"]
[Date "2019.08.12"]
[Round "2.4"]
[White "Zurkowski, Andrzej "]
[Black "Kaminski, Maciej "]
[Result "0-1"]
[WhiteTitle ""]
[BlackTitle ""]
[WhiteElo "2071"]
[BlackElo "1818"]

1. d4 Nf6 2. g4 Nxg4 3. e4 d5 4. Be2 Nf6 5. exd5 Qxd5 6. Nf3 Bg4 7. c4 Qh5 8. Qb3
b6 9. Bf4 c6 10. Nbd2 Nbd7 11. O-O-O Qf5 12. Bg3 e6 13. Nh4 Qg5 14. f3 Bh5 15.
Qa4 Be7 16. Qxc6 O-O 17. f4 Qa5 18. Bxh5 Qxh5 19. Qg2 Ng4 20. Rdg1 Bxh4 21. Bxh4
Qxh4 22. Qxg4 Qxg4 23. Rxg4 Nf6 24. Rg3 Nh5 25. Rg4 Rfd8 26. Nf3 Rac8 27. b3 b5
28. c5 Nf6 29. Rh4 Nd5 30. Re1 Nb4 31. Kb1 Nc6 32. Re4 Rd5 33. Kb2 Rcd8 34. Kc3
h6 35. Rh3 Kf8 36. Rg3 g6 37. Rg2 a5 38. Rd2 Rf5 39. a4 bxa4 40. bxa4 g5 41. Ne5
Nxe5 42. fxe5 Rf3+ 43. Rd3 Rf2 44. h4 Ra2 45. hxg5 hxg5 46. Kb3 Ra1 47. d5 exd5
48. Kb2 dxe4 49. Rxd8+ Ke7 50. Rd4 Rh1 51. Rxe4 Rh4 52. Re3 Rxa4 53. Rc3 Kd7 54.
c6+ Kc7 55. Rc5 g4 56. Kb3 Rb4+ 57. Kc3 g3 58. Rxa5 g2 59. Ra1 Rg4 60. Rg1 Kxc6
61. Kd3 Kd5 62. Ke3 Kxe5 63. Kf3 Kf5 64. Rxg2 Rxg2 65. Kxg2 Kg4 66. Kf2 Kf4 67.
Kg1 Kf3 68. Kf1 f5 69. Kg1 Ke2 0-1

[Event "III Miedzynarodowy Memorial Ireny Warakomskiej - Open B"]
[Site "Suwalki"]
[Date "2019.08.12"]
[Round "2.5"]
[White "Baranska, Monika "]
[Black "Maciejewski, Kamil "]
[Result "1/2-1/2"]
[WhiteTitle ""]
[BlackTitle ""]
[WhiteElo "1784"]
[BlackElo "2065"]

1. d4 Nf6 2. c4 e6 3. Nc3 Bb4 4. Qc2 d5 5. cxd5 Qxd5 6. Nf3 Qf5 7. Qxf5 exf5 8.
Bd2 c6 9. g3 Nbd7 10. a3 Be7 11. Bg2 Nb6 12. Ne5 O-O 13. O-O Rd8 14. e3 Be6 15.
b4 Bd6 16. Nf3 a6 17. Rfc1 Nfd5 18. Nxd5 Bxd5 19. Ne1 Nc4 20. Bc3 Bxg2 21. Kxg2
a5 22. Nc2 axb4 23. axb4 b5 24. Ne1 Ra4 25. Rxa4 bxa4 26. Ba1 Nd2 27. Rxc6 Bxb4
28. Nc2 Bf8 29. Bc3 Nb1 30. Bb4 Ra8 31. Bxf8 Kxf8 32. Rb6 Nc3 33. Na3 Ne4 34.
Rb4 g6 35. Kf3 Ke7 36. Ke2 Kf6 37. f3 Nc3+ 38. Kd3 Rc8 39. Nc4 Nd5 40. Rxa4 Rb8
41. Ra5 Nc7 42. d5 Rd8 43. e4 fxe4+ 44. fxe4 Ne8 45. Kd4 Nc7 46. e5+ Kg5 47. Nd6
Rd7 48. Ne4+ Kf5 49. Ra2 Ne6+ 50. Ke3 Rxd5 51. Rf2+ Kxe5 52. Rxf7 Ra5 53. Nf2
Ra3+ 54. Kd2 Ng5 55. Rg7 Nf3+ 56. Ke2 Nxh2 57. Rxh7 Ra2+ 58. Ke1 Nf3+ 59. Kf1
Nd2+ 60. Ke1 Nf3+ 61. Kf1 Nd2+ 62. Ke1 Kf6 63. Rb7 Nf3+ 64. Kf1 Ra1+ 65. Kg2 Ne5
66. Rb2 Ra4 67. Rb6+ Kf5 68. Rb2 Rd4 69. Ra2 Nc4 70. Kf3 Ne5+ 71. Kg2 Nc4 72.
Kf3 g5 73. g4+ Kg6 74. Ra6+ Rd6 75. Rxd6+ Nxd6 1/2-1/2

[Event "III Miedzynarodowy Memorial Ireny Warakomskiej - Open B"]
[Site "Suwalki"]
[Date "2019.08.12"]
[Round "2.6"]
[White "Hrymowicz, Artur "]
[Black "Weintraub, Amit"]
[Result "1/2-1/2"]
[WhiteTitle ""]
[BlackTitle ""]
[WhiteElo "2064"]
[BlackElo "1876"]

1. e4 d5 2. exd5 Qxd5 3. d4 Nf6 4. Nf3 Bg4 5. Be2 Nc6 6. c4 Qf5 7. O-O O-O-O 8.
Be3 e6 9. Nbd2 Bxf3 10. Nxf3 Ng4 11. Qb3 Bd6 12. Rad1 Qh5 13. h3 Nxe3 14. Qxe3
Qf5 15. Bd3 Qf4 16. Be4 Qxe3 17. fxe3 f6 18. Bxc6 bxc6 19. e4 Rhe8 20. e5 Be7
21. exf6 Bxf6 22. b3 e5 23. dxe5 Bxe5 24. Rxd8+ Kxd8 25. Rd1+ Kc8 26. Re1 Bd4+
27. Kf1 Rxe1+ 28. Kxe1 Bf6 29. Ke2 Kd7 30. Kd3 Kd6 31. Nd4 Bxd4 32. Kxd4 c5+ 33.
Ke4 Ke6 34. h4 g6 35. Kf4 h6 36. g4 c6 37. a3 a5 38. Ke4 g5 39. hxg5 hxg5 40.
Kf3 Ke5 1/2-1/2

[Event "III Miedzynarodowy Memorial Ireny Warakomskiej - Open B"]
[Site "Suwalki"]
[Date "2019.08.12"]
[Round "2.8"]
[White "Ocytko, Andrzej"]
[Black "Gardian, Adam"]
[Result "1-0"]
[WhiteTitle ""]
[BlackTitle ""]
[WhiteElo "2047"]
[BlackElo "1842"]

1. e4 c5 2. Nf3 Nc6 3. Bb5 g6 4. O-O Bg7 5. Re1 Nf6 6. c3 O-O 7. d4 cxd4 8. cxd4
d5 9. e5 Ne4 10. Nc3 Nxc3 11. bxc3 Na5 12. h3 Bd7 13. Bd3 Rc8 14. Bd2 Nc4 15.
Rb1 Bc6 16. Bxc4 dxc4 17. Ng5 Qd5 18. f3 h6 19. Ne4 b6 20. Bf4 Rcd8 21. h4 f5
22. Nd2 e6 23. a4 Rc8 24. Qe2 Bxa4 25. Nf1 Qa5 26. Ra1 b5 27. Qd2 Rfd8 28. Bxh6
Qc7 29. Bxg7 Kxg7 30. Qg5 Qf7 31. Ng3 Rh8 32. h5 Rh6 33. hxg6 Rxg6 34. Nh5+ Kf8
35. Qf4 Rc7 36. g4 fxg4 37. Nf6 g3 38. Kg2 Ke7 39. Rh1 Bc2 40. d5 exd5 41. Rh7
Rg7 42. Rxg7 Qxg7 43. Nxd5+ Ke6 44. Nxc7+ Qxc7 45. Ra6+ Kd5 46. Qd4# 1-0